00927 2200229 4500001002100000005001500021035002000036007000300056008004100059020002200100082001100122084001700133100002100150245007900171250002300250260003700273300005500310700003600365520024400401600003500645990001700680INLIS00000000000220120260206090157 a0010-0226000043ta260206 j 0 ind  a978-623-7098-11-9 a155.25 a155.25 FIT p0 aFitria Cakrawati1 aPerundungan, siapa takut /cFitria Cakrawati ; editor,Dhita Kurniawan.S,Si aCetakan Kedua 2019 aJakarta :bPT Inti Medina,c2019 a112 hlm :bilust, berganbarn, berwarna ;c24 cme-0 aDhita Kurniawan.S,Si ( Editor ) aMengolok-olok, memeras, mengganggu, menindas, dan mengucilkan adalah tindakan-tindakan tidak terpuji yang disebut bullying! Pernahkah kalian mengalaminya? Buku ini akan mengajarkan kalian cara-cara menghadapi berbagai tindakan bullying. 4aKepribadiaan- Bacaan Anak-anak a00118/K/2025